Evereste (Registo nº 4088)

Detalhes MARC
000 -Etiqueta do registo
Cabeçalho 00671nam a2200229 4500
005 - Identificador da versão
Campo de controlo 20240903104534.0
010 ## - Número internacional normalizado dos livros (ISBN)
Número (ISBN) 9722617524
Modalidade de aquisição e/ou preço ? 6,00
100 ## - Dados gerais de processamento
Dados gerais de processamento 20030220d2000 a y0pory5003 ba
101 1# - Língua de publicação
Língua do texto, banda sonora, etc. Português
102 ## - Pais de publicação ou produção
País de publicação Portugal
200 1# - Titulo e menção de responsabilidade
Título próprio Evereste
Informação de outro título a escalada do pico do mundo
Primeira menção de responsabilidade Richard Platt
Outras menções de responsabilidade il. Russell Barnet e John James
-- trad. Alcinda Marinho
210 ## - Publicação, Distribuição, etc. 
Lugar da edição, distribuição, etc. [Porto]
Nome do editor, distribuidor, etc. Civilização
Data da publicação, distribuição, etc. imp. 2000
215 ## - Descrição física 
Indicação específica da natureza do documento e extensão da espécie 48 p.
Outras indicações físicas il
225 1# - Colecção 
Título próprio da colecção Descobrir
675 ## - Classificação Decimal Universal (CDU)
Notação 030
Edição BN
Língua da edição por
700 #1 - Nome de autor-pessoa física (responsabilidade principal)
Número de registo de entrada de autoridade 0000655
Palavra de ordem Platt
Outra parte do nome não tomada para palavra de ordem Richard
702 #1 - Nome de autor-pessoa física (responsabilidade secundária)
Número de registo de entrada de autoridade 0000656
Palavra de ordem Barnet
Outra parte do nome não tomada para palavra de ordem Russell
Código de função Ilustrador / Técnico de desenho computorizado
Número de registo de entrada de autoridade 0000657
Palavra de ordem James
Outra parte do nome não tomada para palavra de ordem John
Código de função Ilustrador / Técnico de desenho computorizado
Número de registo de entrada de autoridade 0000658
Palavra de ordem Marinho
Outra parte do nome não tomada para palavra de ordem Alcinda
Código de função Tradutor
942 ## - Elementos de entrada adicionados (Koha)
Tipo de item no Koha Livro
Exemplares
Situação do levantamento Origin of item (home branch) (coded) Biblioteca de empréstimo Código de barras Cota Circulation type (not for loan) Tipo de documento Nota do exemplar Damaged status
  Biblioteca Escolar das Vendas Biblioteca Escolar das Vendas BEV827 9GEO PLA   Livro Sem mensagem